Missing Word: Big, Fat, Greek or Wedding? Quiz Stats

 Plays Quiz Updated May 10, 2015

Challenge
Share
Tweet
Embed
Score 0/20 Timer 03:00
0 Plays Today
Hint Answer % Correct
BigPark
99.1%
BigKing
99.1%
WeddingMia
95.9%
WeddingBride
95.7%
FatPowers
95.6%
WeddingBest
95.5%
WeddingFuneral
94%
WeddingSomething
86%
BigGiant
84.2%
FatHouse
78.3%
Hint Answer % Correct
FatHal
77.9%
BigRim
69.5%
FatTropic
66.5%
BigWoman
65.3%
GreekEmpire
62.4%
GreekZorba
61.9%
GreekGuns
57.3%
GreekCaptain
49.1%
FatKlumps
25.3%
GreekValentine
19%

Today's Daily Dose

Missing Word
Orlando Bloom

Quick Pick
November Things

On This Day
November 15th II

You're not logged in!

Compare scores with friends on all Sporcle quizzes.
Join for Free
OR
Log In

You Might Also Like...

Show Comments

Extras

Top Quizzes Today


Score Distribution

Your Account Isn't Verified!

In order to create a playlist on Sporcle, you need to verify the email address you used during registration. Go to your Sporcle Settings to finish the process.

Report this User

Report this user for behavior that violates our Community Guidelines.

Details: